[Event "TUR Cup"]
[Site "Denizli"]
[Date "2023.07.17"]
[Round "2"]
[White "Binboga, Yaman"]
[Black "Zeyrek, Ayaz"]
[Result "1-0"]
[WhiteElo "1669"]
[BlackElo "1468"]
[PlyCount "53"]
[EventDate "2023.07.16"]
[EventType "team-tourn"]
[EventRounds "9"]
[EventCountry "TUR"]
[SourceTitle "CBM 215 Extra"]
[Source "ChessBase"]
[SourceDate "2023.09.30"]
[SourceVersion "1"]
[SourceVersionDate "2023.09.30"]
[SourceQuality "1"]

1. d4 Nf6 2. c4 e6 3. Nf3 b6 4. g3 Bb7 5. Bg2 Bb4+ 6. Bd2 Be7 7. 0-0 0-0 8. Nc3 d6 9. Qc2 Nbd7 10. e4 e5 11. d5 Nh5 12. b4 g6 13. Bh6 Ng7 14. Nd2 Bg5 15. Bxg5 Qxg5 16. a4 f5 17. a5 a6 18. exf5 Nxf5 19. Nce4 Qh6 20. Nb3 Rf7 21. Rad1 Nf6 22. c5 Nxd5 23. c6 Nxb4 24. cxb7 Raf8 25. Qc4 d5 26. Qxb4 dxe4 27. Qxe4 1-0

[Event "TUR-ch U13/18"]
[Site "Antalya"]
[Date "2023.01.28"]
[Round "10"]
[White "Binboga, Yaman"]
[Black "Demirtas, Alper"]
[Result "1/2-1/2"]
[WhiteElo "1641"]
[BlackElo "1990"]
[PlyCount "63"]
[EventDate "2023.01.17"]
[EventType "swiss"]
[EventRounds "10"]
[EventCountry "TUR"]
[SourceTitle "EXT 2024"]
[Source "ChessBase"]
[SourceDate "2023.10.10"]
[SourceVersion "1"]
[SourceVersionDate "2023.10.10"]
[SourceQuality "1"]

1. e4 e6 2. d4 d5 3. Nc3 dxe4 4. Nxe4 Nd7 5. Nf3 Ngf6 6. Bd3 Be7 7. Nxf6+ Nxf6 8. Qe2 0-0 9. Bg5 Nd5 10. Bd2 Qd6 11. Ne5 c5 12. dxc5 Qxc5 13. 0-0 Bf6 14. Rfe1 g6 15. c4 Nb4 16. Bc3 Nc6 17. Rad1 Nxe5 18. Bxe5 Bxe5 19. Qxe5 Qxe5 20. Rxe5 Rd8 21. Ree1 Bd7 22. Be4 Bc6 23. Bxc6 bxc6 24. Kf1 Kf8 25. Ke2 Ke7 26. Rxd8 Rxd8 27. Rd1 Rb8 28. Rd2 g5 29. Kd3 h5 30. Kc3 c5 31. Rd3 a5 32. Kc2 1/2-1/2